Papá, o, El diario de Alicia Mir /

Bibliographic Details
Main Author: Huidobro, Vicente, 1893-1948
Format: Book
Language:Spanish
Published: Santiago de Chile : Zig-Zag, 1985.
Edition:1. ed.
Series:Biblioteca Zig-Zag. Grandes de la literatura chilena.

MARC

Tag First Indicator Second Indicator Subfields
LEADER 00000cam a2200000 a 4500
001 in00000008052
005 20151002070125.0
008 871123s1985 cl 00010 spa d
035 |a (OCoLC)17014260 
035 |9 AAA0407AM 
040 |a MTH  |c MTH  |d TXA  |d UtOrBLW 
050 4 |a PQ8097.H8  |b P37 1985 
100 1 |a Huidobro, Vicente,  |d 1893-1948. 
245 1 0 |a Papá, o, El diario de Alicia Mir /  |c Vicente Huidobro. 
250 |a 1. ed. 
264 1 |a Santiago de Chile :  |b Zig-Zag,  |c 1985. 
300 |a 186 pages ;  |c 19 cm. 
336 |a text  |b txt  |2 rdacontent 
337 |a unmediated  |b n  |2 rdamedia 
338 |a volume  |b nc  |2 rdacarrier 
490 1 |a Biblioteca Zig-Zag ;  |v 30 
490 0 |a Los grandes de la litteratura Chilena 
740 3 |a El diario de Alicia Mir. 
830 0 |a Biblioteca Zig-Zag.  |p Grandes de la literatura chilena. 
999 |a MARS 
999 f f |s b8ff03d9-5ec6-35b8-8532-358f936a1615  |i c7a18970-663d-3707-adc6-3fe3ffe7f22a  |t 0 
952 f f |p ric  |a Texas A&M University  |b Rellis Campus  |c Joint Library Facility  |d Remote Storage  |t 0  |e PQ8097.H8 P37 1985  |h Library of Congress classification  |i unmediated -- volume  |m A14812566792 
998 f f |a PQ8097.H8 P37 1985  |t 0  |l Remote Storage